[Event "European Cities & Towns Chess Championship - Open/Seniors"]
[Site "Central Europe"]
[Date "2023.01.29"]
[Round "8.4.4"]
[White "Citak, Selim"]
[Black "Zubcu, Vlad-George"]
[Result "1-0"]
[WhiteElo "2281"]
[BlackElo "2156"]
[BlackCountry "RO"]
[BlackFideId "1219715"]
[BlackTeam "Iasi"]
[WhiteCountry "TR"]
[WhiteFideId "6301819"]
[WhiteTeam "Istanbul - Open"]
[WhiteTitle "FM"]

1. d4 Nf6 2. c4 e6 3. Nf3 b6 4. Nc3 Bb4 5. Bg5 Bb7 6. e3 h6 7. Bh4 O-O 8. 
Bd3 d5 9. cxd5 exd5 10. Ne5 Be7 11. O-O Nbd7 12. f4 c5 13. Rc1 Rc8 14. Bb1
Ne4 15. Bxe7 Qxe7 16. Nxd7 Qxd7 17. Bxe4 dxe4 18. dxc5 Qxd1 19. Rfxd1 Rxc5
20. Rd7 Rb8 21. Rcd1 a5 22. Rd8+ Rxd8 23. Rxd8+ Kh7 24. Rd7 Ba8 25. Rxf7 
b5 26. Ra7 b4 27. Na4 Rc1+ 28. Kf2 Bc6 29. Rxa5 Rc2+ 30. Kg3 Re2 31. Nc5 
Rxb2 32. f5 Bd5 33. Na4 Rxa2 34. Rxd5 Rxa4 35. Rb5 Kg8 36. Rb7 Ra3 37. Kf4
Ra2 38. g4 Rxh2 39. Rxb4 Rg2 40. Rxe4 Kf7 41. Ra4 Rb2 42. Ra7+ Kf8 43. e4 
Rb4 44. Rd7 Ra4 45. Ke5 Ra5+ 46. Ke6 Ra6+ 47. Rd6 Ra8 48. e5 Re8+ 49. Kd5 
Ra8 50. Rc6 Ra5+ 51. Kd6 Kf7 52. Rc7+ Kf8 53. Rc8+ Kf7 54. e6+ Kf6 55. 
Rf8+ Kg5 56. e7 Ra6+ 57. Ke5 1-0

[Event "European Cities & Towns Chess Championship - Open/Seniors"]
[Site "Central Europe"]
[Date "2023.01.29"]
[Round "8.5.1"]
[White "Samunenkov, Ihor"]
[Black "Xhembulla, Aleksander"]
[Result "0-1"]
[WhiteElo "2485"]
[BlackElo "2091"]
[BlackCountry "AL"]
[BlackFideId "4705114"]
[BlackTeam "TIRANA City"]
[WhiteCountry "UA"]
[WhiteFideId "14187086"]
[WhiteTeam "Kyiv region"]
[WhiteTitle "IM"]

1. e4 e5 2. Nf3 Nc6 3. Bb5 a6 4. Ba4 Nf6 5. Nc3 b5 6. Bb3 d6 7. Ng5 d5 8. 
Nxd5 Bc5 9. Nxf7 Kxf7 10. Nxf6+ Be6 11. Nd5 Nd4 12. Qh5+ g6 13. Qxe5 Nxb3 
14. axb3 Bd6 15. Qd4 Rf8 16. d3 Kg8 17. Bh6 Rf7 18. b4 Qh4 19. Be3 Rd8 20.
 O-O-O c6 21. e5 Qxd4 22. Bxd4 Bf8 23. Nf6+ Rxf6 24. exf6 Rxd4 25. Rhe1 
Kf7 26. c3 Rd6 27. Kc2 Kxf6 28. Ra1 Bf5 29. Red1 Bc8 30. h4 Rd5 31. f3 c5 
32. bxc5 Bxc5 33. b4 Bd6 34. Re1 Be7 35. g4 h5 36. Re4 Kf7 37. gxh5 Rxh5 
38. Rae1 Bf6 39. Kb3 Bf5 40. R4e3 Rxh4 41. c4 Rd4 42. Rh1 Bxd3 43. c5 Bc4+
44. Kc2 Rf4 45. Rh7+ Bg7 46. c6 Be6 47. Rxg7+ Kxg7 48. Rxe6 Kf7 49. Re3 
Rc4+ 50. Kb3 Rxc6 51. Rd3 Kf6 52. Rd5 Re6 53. f4 Re4 54. Rd6+ Re6 55. Rd5 
Re3+ 56. Kc2 Re4 57. Kc3 Rc4+ 58. Kb3 Rxf4 59. Rd6+ Kf5 60. Rxa6 Re4 61. 
Kc3 Re5 62. Kd4 g5 63. Ra8 Kf4 64. Rg8 Rf5 65. Rh8 g4 66. Rh4 Kf3 67. Rh1 
Kf2 68. Ke4 Rf8 69. Rh2+ Kg3 70. Rh5 Kg2 71. Rxb5 g3 72. Rg5 Kf2 73. Kd4 
g2 74. b5 Rf4+ 75. Kc5 Rf3 76. b6 Rg3 77. Rf5+ Ke2 78. Re5+ Kd2 79. Rd5+ 
Kc2 0-1

[Event "European Cities & Towns Chess Championship - Open/Seniors"]
[Site "Central Europe"]
[Date "2023.01.29"]
[Round "8.5.2"]
[White "Zeneli, Klendi"]
[Black "Grebeniuk, Semen"]
[Result "0-1"]
[WhiteElo "2052"]
[BlackElo "2315"]
[BlackCountry "UA"]
[BlackFideId "14117509"]
[BlackTeam "Kyiv region"]
[Termination "time forfeit"]
[WhiteCountry "AL"]
[WhiteFideId "4706609"]
[WhiteTeam "TIRANA City"]

1. e4 d5 2. exd5 Qxd5 3. Nc3 Qa5 4. Nf3 Nf6 5. Bc4 c6 6. h3 e6 7. O-O Bd6 
8. d4 O-O 9. Re1 Nbd7 10. Ne4 Nxe4 11. Rxe4 Nf6 12. Rh4 Rd8 13. Qe2 Bd7 
14. Bd2 Qc7 15. Ne5 Be8 16. Bd3 g6 17. Bg5 Be7 18. c4 Nd5 19. Bxe7 Qxe7 
20. g3 Nb4 21. c5 f6 22. Nc4 Nxd3 23. Qxd3 Qxc5 24. Qxg6+ Bxg6 25. dxc5 
Rd5 26. b4 Rad8 27. Rf4 Kg7 28. Nd6 b6 29. Rc4 bxc5 30. Nb7 Rd1+ 31. Rxd1 
Rxd1+ 32. Kg2 cxb4 33. Rxb4 Rb1 34. Rxb1 Bxb1 35. a3 Kf7 36. Nc5 Ke7 37. 
Kf3 Kd6 38. Nb7+ Kd5 39. Ke3 c5 40. Kd2 Bf5 41. Nd8 Bxh3 42. Nf7 Bf5 43. 
Nh6 Bg6 44. Ng4 f5 45. Ne3+ Kd4 46. Nc2+ Kc4 47. f4 Kb3 48. Kd3 Bh5 49. 
Ne3 Bf3 0-1

[Event "European Cities & Towns Chess Championship - Open/Seniors"]
[Site "Central Europe"]
[Date "2023.01.29"]
[Round "8.5.3"]
[White "Paryokha, Serhiy"]
[Black "Shuqja, Klean"]
[Result "1-0"]
[WhiteElo "2294"]
[BlackElo "1884"]
[BlackCountry "AL"]
[BlackFideId "4701585"]
[BlackTeam "TIRANA City"]
[BlackTitle "WFM"]
[WhiteCountry "UA"]
[WhiteFideId "14198177"]
[WhiteTeam "Kyiv region"]

1. d4 Nf6 2. Nf3 e6 3. Bg5 d5 4. e3 Be7 5. Bd3 Nbd7 6. O-O O-O 7. c4 b6 8.
 cxd5 exd5 9. Nc3 c5 10. dxc5 bxc5 11. Rc1 Bb7 12. b3 h6 13. Bh4 Rc8 14. 
Bf5 g6 15. Bb1 Nb6 16. Re1 a6 17. Bg3 Nh5 18. Be5 Ng7 19. Bf4 Kh7 20. Ne5 
Nh5 21. Qxh5 Bg5 22. Nxg6 1-0

[Event "European Cities & Towns Chess Championship - Open/Seniors"]
[Site "Central Europe"]
[Date "2023.01.29"]
[Round "8.6.1"]
[White "Nastase, Robert-Paul"]
[Black "Jansa, Vlastimil"]
[Result "1-0"]
[WhiteElo "2229"]
[BlackElo "2398"]
[BlackCountry "CZ"]
[BlackFideId "300128"]
[BlackTeam "Prague - Seniors"]
[BlackTitle "GM"]
[Termination "time forfeit"]
[WhiteCountry "RO"]
[WhiteFideId "1221175"]
[WhiteTeam "SNAGOV"]
[WhiteTitle "FM"]

1. e4 c5 2. Nf3 e6 3. d4 cxd4 4. Nxd4 Nc6 5. Nb5 d6 6. c4 Nf6 7. N5c3 Be7 
8. g3 b6 9. Bg2 Bb7 10. O-O O-O 11. Be3 Rc8 12. Qe2 Qc7 13. Nd2 Qb8 14. f4
Rfd8 15. Rfd1 Nd7 16. Rac1 a6 17. a3 Bf6 18. b4 b5 19. cxb5 Nd4 20. Qd3 
Nxb5 21. Nxb5 axb5 22. Qxb5 Rxc1 23. Rxc1 Bb2 24. Rc2 Bf6 25. e5 Bxg2 26. 
Qxb8 Rxb8 27. exf6 Bd5 28. fxg7 Ra8 29. Bd4 e5 30. Bb2 Kxg7 31. Rc7 Be6 
32. Ne4 Ra6 33. b5 Rb6 34. a4 Nf6 35. Ng5 Bb3 36. fxe5 dxe5 37. Rc6 Rxc6 
38. bxc6 Bxa4 39. c7 Bd7 40. Bxe5 Kg6 41. Bxf6 Kxf6 42. Nxh7+ Ke5 43. Ng5 
f6 44. Nh7 f5 45. Nf8 Bc8 46. Kf2 Kd6 47. Ke3 Kxc7 48. Kf4 Kd6 49. Ng6 Ke6
50. Ne5 Bb7 51. h4 Kf6 52. Nd7+ Kg6 53. Nc5 Bc8 54. Nd3 Be6 55. Ke5 Bc8 
56. Nf4+ Kg7 57. Nd5 Bd7 58. Ne7 Kh6 59. Nxf5+ Kh5 60. Kf4 Kg6 61. g4 Kf6 
62. h5 Ba4 63. g5+ Kf7 64. Ne3 Bb3 65. Ng4 Bc2 66. g6+ Kg7 67. Kg5 Bb1 68.
 Ne3 Kg8 69. Kf6 Be4 70. Nf5 Bc2 71. Ne7+ 1-0

[Event "European Cities & Towns Chess Championship - Open/Seniors"]
[Site "Central Europe"]
[Date "2023.01.29"]
[Round "8.6.2"]
[White "Sorm, Daniel"]
[Black "Dobronauteanu, Ion-Serban"]
[Result "1-0"]
[WhiteElo "2302"]
[BlackElo "2189"]
[BlackCountry "RO"]
[BlackFideId "1204084"]
[BlackTeam "SNAGOV"]
[WhiteCountry "CZ"]
[WhiteFideId "5400139"]
[WhiteTeam "Prague - Seniors"]
[WhiteTitle "FM"]

1. d4 Nf6 2. c4 e6 3. Nc3 Bb4 4. e3 O-O 5. Bd3 d5 6. cxd5 exd5 7. Ne2 b6 
8. O-O Ba6 9. Bxa6 Nxa6 10. Qa4 Qc8 11. Bd2 Rd8 12. Rac1 Qb7 13. Rfd1 Rac8
14. a3 Bf8 15. Be1 c6 16. b4 Nc7 17. Qb3 Ne6 18. f3 Qa6 19. a4 Bd6 20. b5 
Qb7 21. bxc6 Qxc6 22. Nb5 Qd7 23. Nxd6 Qxd6 24. Bg3 Qd7 25. Nc3 h6 26. Rc2
Rc4 27. Nxd5 Rxa4 28. Nxf6+ gxf6 29. Bh4 Ng5 30. Rdc1 Ra5 31. Rc7 Qe8 32. 
Qd3 Qe6 33. e4 Ra2 34. Bg3 Ra4 35. d5 Qe8 36. h4 Ne6 37. R7c6 Nc5 38. Qe3 
Rd7 39. Qxh6 1-0

[Event "European Cities & Towns Chess Championship - Open/Seniors"]
[Site "Central Europe"]
[Date "2023.01.29"]
[Round "8.6.3"]
[White "Nastase, Andreea-Cristina"]
[Black "Trickov, Vasil"]
[Result "0-1"]
[WhiteElo "2046"]
[BlackElo "2329"]
[BlackCountry "CZ"]
[BlackFideId "311103"]
[BlackTeam "Prague - Seniors"]
[BlackTitle "IM"]
[WhiteCountry "RO"]
[WhiteFideId "1221183"]
[WhiteTeam "SNAGOV"]
[WhiteTitle "WFM"]

1. d4 d5 2. c4 c6 3. Nf3 Nf6 4. Nc3 dxc4 5. a4 Bf5 6. e3 e6 7. Bxc4 Bb4 8.
 O-O O-O 9. Na2 Bd6 10. b4 Nbd7 11. Qb3 Be4 12. Nd2 Bd5 13. Bxd5 exd5 14. 
Nf3 a6 15. b5 Qe7 16. Bd2 c5 17. dxc5 Nxc5 18. Qd1 axb5 19. axb5 Qd7 20. 
Nc3 Nce4 21. Nxe4 dxe4 22. Nd4 Ng4 23. h3 Ne5 24. Qh5 g6 25. Qe2 Rfc8 26. 
f3 Rxa1 27. Rxa1 exf3 28. Nxf3 Nc4 29. Bc3 Qxb5 30. Rf1 Qd5 31. e4 Qc5+ 
32. Bd4 Qb5 33. Kh1 Bc5 34. Bc3 Nd6 35. e5 Qxe2 0-1

[Event "European Cities & Towns Chess Championship - Open/Seniors"]
[Site "Central Europe"]
[Date "2023.01.29"]
[Round "8.6.4"]
[White "Pribyl, Josef"]
[Black "Rata, Anamaria"]
[Result "1-0"]
[WhiteElo "2217"]
[BlackElo "1664"]
[BlackCountry "RO"]
[BlackFideId "1245350"]
[BlackTeam "SNAGOV"]
[Termination "time forfeit"]
[WhiteCountry "CZ"]
[WhiteFideId "300187"]
[WhiteTeam "Prague - Seniors"]
[WhiteTitle "IM"]

1. e4 c5 2. Nc3 d6 3. g3 Nc6 4. Bg2 g6 5. d3 Bg7 6. Be3 e6 7. f4 Nge7 8. 
Nf3 Nd4 9. Qd2 O-O 10. O-O Rb8 11. Nh4 b5 12. Nd1 f5 13. c3 Ndc6 14. e5 
dxe5 15. Bxc5 Bb7 16. Nf2 exf4 17. gxf4 Re8 18. Nf3 Nd5 19. Rae1 e5 20. 
fxe5 Nxe5 21. Nxe5 Bxe5 22. d4 Bf4 23. Qd3 Qh4 24. Nh3 Rxe1 25. Nxf4 Nxf4 
26. Qxb5 Rxf1+ 27. Bxf1 Nh3+ 28. Bxh3 Qxh3 29. Qe2 Qg4+ 30. Qxg4 fxg4 31. 
c4 Be4 32. b3 Bb1 33. d5 Bxa2 34. Bxa7 Rxb3 35. d6 Rd3 36. c5 Bd5 37. Kf2 
1-0

[Event "European Cities & Towns Chess Championship - Open/Seniors"]
[Site "Central Europe"]
[Date "2023.01.29"]
[Round "8.7.1"]
[White "Hristodoulou, Panagiotis"]
[Black "Mavroudis, Dimitris"]
[Result "1/2-1/2"]
[WhiteElo "2372"]
[BlackElo "1973"]
[BlackCountry "GR"]
[BlackFideId "4222318"]
[BlackTeam "Trikala "]
[WhiteCountry "GR"]
[WhiteFideId "4214340"]
[WhiteTeam "Heraklion"]
[WhiteTitle "FM"]

1. d4 d5 2. Nc3 Bf5 3. Bf4 e6 4. e3 c6 5. f3 Nf6 6. g4 Bg6 7. h4 h5 8. g5 
Nfd7 9. Bd3 Bxd3 10. Qxd3 g6 11. Nge2 Bg7 12. e4 dxe4 13. Qxe4 O-O 14. 
O-O-O Nb6 15. Be5 N8d7 16. Bxg7 Kxg7 17. Nf4 Re8 18. Rhe1 Nd5 19. Nce2 Qc7
20. c4 Nxf4 21. Nxf4 Nb6 22. b3 c5 23. dxc5 Qxc5 24. Qe5+ Qxe5 25. Rxe5 
Red8 26. Rxd8 Rxd8 27. Rxe6 Rd4 28. Re4 Rxe4 29. fxe4 f6 30. gxf6+ Kxf6 
31. Nd5+ Ke5 32. Ne7 Kf6 33. Nd5+ Ke5 34. Ne7 Kf6 35. Nd5+ 1/2-1/2

[Event "European Cities & Towns Chess Championship - Open/Seniors"]
[Site "Central Europe"]
[Date "2023.01.29"]
[Round "8.7.2"]
[White "Gountras, Klearhos"]
[Black "Panagiotakos, Nikolaos"]
[Result "0-1"]
[WhiteElo "1968"]
[BlackElo "2122"]
[BlackCountry "GR"]
[BlackFideId "4213246"]
[BlackTeam "Heraklion"]
[Termination "time forfeit"]
[WhiteCountry "GR"]
[WhiteFideId "4206495"]
[WhiteTeam "Trikala "]

1. e4 c5 2. Nf3 Nc6 3. d4 cxd4 4. Nxd4 e5 5. Nb5 d6 6. N1c3 a6 7. Na3 b5 
8. Nd5 Nge7 9. c4 Nd4 10. cxb5 Nxd5 11. exd5 Bd7 12. bxa6 Qa5+ 13. Bd2 
Qxd5 14. f3 Be7 15. Bc4 Bh4+ 16. Kf1 Qc6 17. Be3 Rxa6 18. Bxd4 Rxa3 19. 
Be2 Ra4 20. Be3 d5 21. b3 Ra8 22. a4 O-O 23. Bb5 Qb7 24. Bxd7 Qxd7 25. g3 
Qh3+ 26. Kf2 d4 27. Bd2 Bf6 28. b4 e4 29. fxe4 d3 30. Ra2 Bd4+ 31. Be3 
Bxe3+ 32. Kxe3 Qh6+ 33. Kf2 Qb6+ 34. Kg2 Qxb4 35. Qxd3 Rfd8 36. Qe2 Re8 
37. Re1 Rxa4 38. Rxa4 Qxa4 39. Qf3 Qc2+ 40. Re2 Qc6 41. e5 Qb5 42. Rf2 Qd7
43. Re2 h6 44. h4 Qe6 45. Qe3 Qd5+ 46. Qe4 Qxe4+ 47. Rxe4 f6 48. e6 Kf8 
49. h5 Ke7 50. Kf3 Kd6 51. g4 Rxe6 52. Ra4 Re7 53. Ra6+ Kd5 54. Ra5+ Ke6 
55. Ra6+ Kf7 56. Rb6 Ra7 57. Rc6 Ra5 58. Kf4 Rg5 59. Rc7+ Ke6 60. Rc6+ Kd5
61. Rc7 Kd6 62. Ra7 Ke6 63. Ra6+ Kf7 64. Ra7+ Kg8 65. Ra8+ Kh7 66. Rf8 Ra5
67. Kg3 Ra3+ 68. Kf4 Ra4+ 69. Kg3 Ra6 70. Kf4 Ra5 71. Ke4 Ra4+ 72. Kf3 
Ra3+ 73. Kf4 g5+ 74. hxg6+ Kxg6 75. Rg8+ Kf7 76. Rh8 Kg7 77. Ra8 Rxa8 0-1

[Event "European Cities & Towns Chess Championship - Open/Seniors"]
[Site "Central Europe"]
[Date "2023.01.29"]
[Round "8.7.3"]
[White "Klokas, Konstantinos"]
[Black "Lioumis, Petros"]
[Result "1-0"]
[WhiteElo "2069"]
[BlackElo "1290"]
[BlackCountry "GR"]
[BlackFideId "25806238"]
[BlackTeam "Trikala "]
[WhiteCountry "GR"]
[WhiteFideId "4206932"]
[WhiteTeam "Heraklion"]

1. e4 d6 2. d4 Nf6 3. Nc3 g6 4. f4 Bg7 5. Nf3 Bg4 6. h3 Bxf3 7. Qxf3 c6 8.
 Be3 Nbd7 9. e5 Ng8 10. Bc4 d5 11. Bd3 e6 12. O-O Ne7 13. g4 h5 14. Kg2 
Qc7 15. f5 hxg4 16. hxg4 gxf5 17. gxf5 Nxf5 18. Bxf5 exf5 19. Bg5 f6 20. 
Qxf5 O-O-O 21. Bf4 fxe5 22. Bg3 Rdf8 23. Qg4 Rfg8 24. Rh1 Bh6 25. Rxh6 
Rxg4 26. Rxh8+ Nf8 27. Rxf8+ Kd7 28. Rf7+ 1-0

[Event "European Cities & Towns Chess Championship - Open/Seniors"]
[Site "Central Europe"]
[Date "2023.01.29"]
[Round "8.7.4"]
[White "Karanasios, Dimosthenis"]
[Black "Fragiadakis, Emanouel"]
[Result "0-1"]
[WhiteElo "1240"]
[BlackElo "1714"]
[BlackCountry "GR"]
[BlackFideId "4204026"]
[BlackTeam "Heraklion"]
[WhiteCountry "GR"]
[WhiteFideId "42108306"]
[WhiteTeam "Trikala "]

1. d4 d5 2. c4 e6 3. Nc3 Nf6 4. Bg5 Be7 5. e3 h6 6. Bh4 O-O 7. Nf3 c5 8. 
cxd5 Nxd5 9. Bxe7 Qxe7 10. Qb3 Nxc3 11. bxc3 Nd7 12. Be2 e5 13. O-O e4 14.
 Nd2 Re8 15. Rfd1 Qg5 16. Kh1 Nf6 17. Rg1 b6 18. Bc4 Be6 19. Qd1 Bg4 20. 
Be2 Rac8 21. h3 Be6 22. Ba6 Rc7 23. Rc1 Qh4 24. Qf1 Kh8 25. Bc4 cxd4 26. 
cxd4 Rec8 27. Rc2 b5 28. Bxe6 Rxc2 29. Bxc8 Rxd2 30. f3 Nh5 31. Qe1 Qxe1 
32. Rxe1 Rxa2 33. Rd1 b4 34. d5 b3 35. d6 Nf6 36. fxe4 b2 37. e5 Ra1 38. 
Bg4 Rxd1+ 39. Bxd1 b1=Q 40. exf6 Qxd1+ 41. Kh2 Qxd6+ 42. Kh1 Qxf6 0-1

[Event "European Cities & Towns Chess Championship - Open/Seniors"]
[Site "Central Europe"]
[Date "2023.01.29"]
[Round "8.8.1"]
[White "Yasin, Hur"]
[Black "Guerrero Vargas, Andres Jesus"]
[Result "1-0"]
[WhiteElo "1872"]
[BlackElo "2336"]
[BlackCountry "VE"]
[BlackFideId "3902048"]
[BlackTeam "Collado Villalba - Madrid"]
[BlackTitle "FM"]
[WhiteCountry "TR"]
[WhiteFideId "6300170"]
[WhiteTeam "Istanbul - Seniors"]
[WhiteTitle "CM"]

1. e4 e5 2. Nf3 Nc6 3. d4 exd4 4. Bc4 Nf6 5. O-O Nxe4 6. Nc3 Nxc3 7. bxc3 
Be7 8. cxd4 d5 9. Bb5 O-O 10. Bxc6 bxc6 11. Ne5 Bd6 12. Re1 Qf6 13. Qh5 g6
14. Qh6 c5 15. Bg5 Qg7 16. Qh4 f6 17. Bh6 Qh8 18. Nc6 Bd7 19. Ne7+ Kf7 20.
 Bxf8 Rxf8 21. Nxd5 c6 22. dxc5 Be5 23. Rxe5 fxe5 24. Qe7+ Kg8 25. Qxd7 
cxd5 26. Qxd5+ Rf7 27. c6 Qf6 28. c7 Qxf2+ 29. Kh1 Qxc2 30. Qd8+ Rf8 31. 
Rf1 Qxc7 32. Qxf8# 1-0

[Event "European Cities & Towns Chess Championship - Open/Seniors"]
[Site "Central Europe"]
[Date "2023.01.29"]
[Round "8.8.2"]
[White "Sanchez Gonzalez, Sergio"]
[Black "Guner, Bulent"]
[Result "1-0"]
[WhiteElo "2288"]
[BlackElo "1974"]
[BlackCountry "TR"]
[BlackFideId "6300553"]
[BlackTeam "Istanbul - Seniors"]
[WhiteCountry "ES"]
[WhiteFideId "2273020"]
[WhiteTeam "Collado Villalba - Madrid"]
[WhiteTitle "FM"]

1. Nf3 c5 2. b3 Nc6 3. Bb2 d6 4. e3 Nf6 5. c4 g6 6. d4 Bg7 7. d5 Nb8 8. 
Be2 O-O 9. O-O e5 10. dxe6 Bxe6 11. Nc3 Nc6 12. Rc1 Qe7 13. a3 Rad8 14. 
Nd5 Nxd5 15. Bxg7 Nf6 16. Bxf8 Qxf8 17. Qc2 b6 18. Rfd1 Qe7 19. h3 h5 20. 
Bf1 Bf5 21. Bd3 Ne4 22. Nd2 Nxf2 23. Kxf2 Qh4+ 24. Kg1 Bxh3 25. Nf3 Qg3 
26. Qf2 Qg4 27. Bf1 Re8 28. Kh1 Ne5 29. Nxe5 Rxe5 30. gxh3 Qe6 31. Bg2 1-0

[Event "European Cities & Towns Chess Championship - Open/Seniors"]
[Site "Central Europe"]
[Date "2023.01.29"]
[Round "8.8.3"]
[White "Sezgun, Yakup"]
[Black "Perdomo Araujo, Angel Eduardo"]
[Result "0-1"]
[WhiteElo "1739"]
[BlackElo "2071"]
[BlackCountry "VE"]
[BlackFideId "3902528"]
[BlackTeam "Collado Villalba - Madrid"]
[Termination "time forfeit"]
[WhiteCountry "TR"]
[WhiteFideId "6338496"]
[WhiteTeam "Istanbul - Seniors"]

1. Nf3 Nf6 2. g3 g6 3. Bg2 Bg7 4. O-O O-O 5. c4 c6 6. d4 d5 7. cxd5 cxd5 
8. Nc3 Nc6 9. Ne5 Ne4 10. Nxc6 bxc6 11. Nxe4 dxe4 12. Bxe4 Bxd4 13. Qc2 
Bb7 14. Rd1 Qb6 15. e3 Bf6 16. Rb1 Rfd8 17. Rxd8+ Rxd8 18. b3 Qb4 19. Bf3 
Ba6 20. Bb2 Rd2 21. Qxc6 Rxb2 22. Rd1 Bb5 23. Qa8+ Kg7 24. Qxa7 Be2 25. 
Bxe2 Rxe2 26. Qa6 Re1+ 27. Rxe1 Qxe1+ 28. Kg2 h5 29. h4 Qc3 30. Qb7 e6 31.
 Qe4 Qb2 32. Qa4 Be7 33. Kf3 Qe5 34. Qe4 Qc5 35. a4 e5 36. Qb7 Bd6 37. Kg2
Qb4 38. Qd5 Bc7 39. Kf3 Qb6 40. Kg2 Kf8 41. Kf3 Ke7 42. Kg2 Qd6 43. Qb7 
Ke6 44. b4 Qd5+ 45. Qxd5+ Kxd5 46. Kf3 e4+ 47. Ke2 Kc4 48. b5 Ba5 49. f3 
f5 0-1

[Event "European Cities & Towns Chess Championship - Open/Seniors"]
[Site "Central Europe"]
[Date "2023.01.29"]
[Round "8.8.4"]
[White "Alvarez Guerrero, Dylan"]
[Black "Ozveren, Ali Bulent"]
[Result "0-1"]
[WhiteElo "1162"]
[BlackElo "1718"]
[BlackCountry "TR"]
[BlackFideId "6303188"]
[BlackTeam "Istanbul - Seniors"]
[WhiteCountry "ES"]
[WhiteFideId "94728089"]
[WhiteTeam "Collado Villalba - Madrid"]

1. d4 d5 2. Nf3 Nf6 3. Bf4 e6 4. c3 Bd6 5. Bg3 c5 6. e3 Qc7 7. Nbd2 cxd4 
8. cxd4 Nc6 9. a3 O-O 10. Rc1 Bxg3 11. fxg3 Ng4 12. Qb3 Qd6 13. Bd3 g6 14.
 O-O Nxe3 15. Rfe1 Nf5 16. Ne5 Nfxd4 17. Qc3 Nxe5 18. Qxd4 Nxd3 19. Qxd3 
Qb6+ 20. Kh1 Bd7 21. Qc2 Rac8 22. Qb1 Rxc1 23. Rxc1 Rc8 24. Rxc8+ Bxc8 25.
 Qc2 Qc6 26. Qd1 e5 27. h4 h5 28. Kh2 e4 29. Qe2 Bg4 30. Qe1 Qe6 31. Qe3 
b6 32. Nb3 Qd6 33. Qd4 Be6 34. Nd2 Qc6 35. Qb4 Qc5 36. Qa4 b5 37. Qa5 Qc2 
38. Qb4 Qd3 39. Nb3 Qc4 40. Qxc4 bxc4 41. Nd4 Bd7 42. Kg1 Kg7 43. Kf2 Kf6 
44. Ke3 Ke5 45. Ne2 f5 46. Nd4 Ba4 47. Ne2 a5 48. Nd4 Bd7 49. Ne2 Be8 50. 
Nd4 Kd6 51. Kf4 Bd7 52. Ke3 Kc5 53. Ne2 Bc8 54. Nd4 c3 55. b3 Bd7 56. Nc2 
a4 57. b4+ Kc4 58. Nd4 Be8 59. b5 Bxb5 60. Nxb5 Kxb5 61. Ke2 d4 62. Kd1 
Kc4 63. g4 fxg4 64. g3 d3 65. Kc1 Kb3 66. Kb1 d2 0-1

[Event "European Cities & Towns Chess Championship - Open/Seniors"]
[Site "Central Europe"]
[Date "2023.01.29"]
[Round "8.9.1"]
[White "Melikhov, Evgeny V."]
[Black "Rama, Lorenc"]
[Result "1-0"]
[WhiteElo "2269"]
[BlackElo "2125"]
[BlackCountry "AL"]
[BlackFideId "4700171"]
[BlackTeam "TEUTA - Durres Albania"]
[BlackTitle "FM"]
[WhiteCountry "RU"]
[WhiteFideId "4122046"]
[WhiteTeam "Ioannina"]
[WhiteTitle "FM"]

1. d4 Nf6 2. c4 e6 3. Nc3 Bb4 4. Qc2 O-O 5. e4 Nc6 6. Nf3 d6 7. e5 Nxd4 8.
 Nxd4 dxe5 9. Nb3 b6 10. a3 Be7 11. Bd3 Bb7 12. Ne4 Nh5 13. Qe2 Nf4 14. 
Bxf4 exf4 15. O-O-O Qc8 16. f3 f5 17. Nc3 Bf6 18. Rhe1 e5 19. Nd5 c6 20. 
Nxf6+ gxf6 21. Qc2 Rf7 22. Bxf5 Qe8 23. Rd6 c5 24. Be6 Bc8 25. Bxf7+ Qxf7 
26. Rd8+ Kg7 27. Red1 1-0

[Event "European Cities & Towns Chess Championship - Open/Seniors"]
[Site "Central Europe"]
[Date "2023.01.29"]
[Round "8.9.2"]
[White "Ramaj, Ergit"]
[Black "Tepelenis, Nikolaos"]
[Result "1-0"]
[WhiteElo "1861"]
[BlackElo "2096"]
[BlackCountry "GR"]
[BlackFideId "4207599"]
[BlackTeam "Ioannina"]
[WhiteCountry "AL"]
[WhiteFideId "4703669"]
[WhiteTeam "TEUTA - Durres Albania"]

1. e4 e6 2. d4 d5 3. e5 c5 4. c3 Nc6 5. Nf3 Bd7 6. Be2 Nge7 7. dxc5 Ng6 8.
 b4 Ncxe5 9. Nxe5 Nxe5 10. O-O Nc6 11. Bb2 Be7 12. a3 O-O 13. Nd2 Bf6 14. 
Nb3 a5 15. b5 Ne5 16. a4 Rc8 17. Rc1 Re8 18. c4 dxc4 19. Bxc4 Nxc4 20. 
Bxf6 gxf6 21. Rxc4 e5 22. Qh5 Be6 23. Rc3 Bxb3 24. Rxb3 Kf8 25. Rd1 Qc7 
26. Qh6+ Ke7 27. Rf3 Red8 28. Qxf6+ Kf8 29. Rxd8+ Rxd8 30. g3 Qe7 31. Qh8#
1-0

[Event "European Cities & Towns Chess Championship - Open/Seniors"]
[Site "Central Europe"]
[Date "2023.01.29"]
[Round "8.9.3"]
[White "Basios, Athanasios"]
[Black "Caushi, Alket"]
[Result "1-0"]
[WhiteElo "1860"]
[BlackElo "1768"]
[BlackCountry "AL"]
[BlackFideId "4701801"]
[BlackTeam "TEUTA - Durres Albania"]
[WhiteCountry "GR"]
[WhiteFideId "4215494"]
[WhiteTeam "Ioannina"]

1. e4 d6 2. d4 Nf6 3. Nc3 g6 4. Nf3 Bg7 5. h3 c6 6. a4 O-O 7. Bc4 Nbd7 8. 
O-O Qc7 9. Qe2 e5 10. dxe5 Nxe5 11. Nxe5 dxe5 12. Be3 Re8 13. a5 Be6 14. 
Rfd1 Bxc4 15. Qxc4 Red8 16. Rxd8+ Qxd8 17. a6 b6 18. Qxc6 Rc8 19. Qa4 Qe7 
20. Rd1 Rc7 21. Bg5 h6 22. Nd5 Qd8 1-0

[Event "European Cities & Towns Chess Championship - Open/Seniors"]
[Site "Central Europe"]
[Date "2023.01.29"]
[Round "8.9.4"]
[White "Kote, Aleks"]
[Black "Notsikas, Georgios"]
[Result "0-1"]
[WhiteElo "1503"]
[BlackElo "1000"]
[BlackCountry "GR"]
[BlackFideId "42140587"]
[BlackTeam "Ioannina"]
[WhiteCountry "AL"]
[WhiteFideId "4702778"]
[WhiteTeam "TEUTA - Durres Albania"]

1. e4 c6 2. d4 d5 3. exd5 cxd5 4. Bd3 Nf6 5. h3 Nc6 6. c3 g6 7. Nf3 Bf5 8.
 O-O Bxd3 9. Qxd3 Bg7 10. Bf4 Ne4 11. Nbd2 Nxd2 12. Qxd2 O-O 13. Bh6 Rb8 
14. Rfe1 b5 15. Bxg7 Kxg7 16. Ne5 Nxe5 17. Rxe5 e6 18. Rae1 a5 19. Qf4 Qf6
20. Qg3 b4 21. h4 bxc3 22. bxc3 Rb2 23. a4 Rfb8 24. h5 Rb1 25. hxg6 hxg6 
26. Re3 R8b2 27. Re2 Qf5 28. Qe3 Rxe1+ 29. Rxe1 Ra2 30. g3 Rxa4 31. Qe2 
Ra3 32. Qd2 Qf3 33. Rc1 Rb3 34. Qc2 Rb8 35. Re1 Rh8 0-1

[Event "European Cities & Towns Chess Championship - Open/Seniors"]
[Site "Central Europe"]
[Date "2023.01.29"]
[Round "8.10.1"]
[White "Babarovic, Fran"]
[Black "Kabo, Melsed"]
[Result "0-1"]
[WhiteElo "1275"]
[BlackElo "2195"]
[BlackCountry "AL"]
[BlackFideId "4702271"]
[BlackTeam "Butrinti"]
[Termination "time forfeit"]
[WhiteCountry "SI"]
[WhiteFideId "14641429"]
[WhiteTeam "Ljubljana - Komenda"]

1. e4 c6 2. d4 d5 3. Nc3 dxe4 4. Nxe4 Nf6 5. Nxf6+ exf6 6. c3 Bd6 7. Bd3 
O-O 8. Ne2 Re8 9. O-O Qc7 10. Ng3 g6 11. Qc2 Be6 12. Be3 c5 13. dxc5 Bxc5 
14. Ne4 Be7 15. Bd4 Nd7 16. Bb5 Kg7 17. Qe2 a6 18. Bxd7 Bxd7 19. Qf3 Qc6 
20. Rad1 Bf5 21. Ng5 Qxf3 22. Nxf3 Be6 23. b3 Bg4 24. Rd3 Rad8 25. Re3 Bd6
26. Rfe1 Rxe3 27. Rxe3 Rd7 28. h3 Be6 29. Kf1 Bf4 30. Re4 Bc7 31. Ke2 Bd8 
32. g4 Kg8 33. Kd3 f5 34. gxf5 Bxf5 35. Ne5 Re7 0-1